Statistics for Countries that Have Made it to the FIFA World Cup Quarterfinals (with Exceptions)

Click here to take the quiz!

General Stats

  • This quiz has been taken 267 times
  • The average score is 7 of 10

Answer Stats

Year Place Country % Correct
2002Fourth PlaceSouth Korea
95%
1930Third PlaceUnited States
93%
1970/86QuarterfinalsMexico
87%
2002Third PlaceTurkey
81%
2010QuarterfinalsGhana
76%
1990QuarterfinalsCameroon
72%
2014QuarterfinalsCosta Rica
66%
2002QuarterfinalsSenegal
61%
1966QuarterfinalsNorth Korea
44%
1938QuarterfinalsCuba
40%

Score Distribution

Percentile by Number Answered

Percent of People with Each Score

Your Score History

You have not taken this quiz